Loading...
| Current Events | 1 | 0.00 | 0% | 0% | 0% |
| Fine Arts - Auditory Fine Arts | 7 | 20.00 | 100% | 86% | 14% |
| Fine Arts - Other Fine Arts | 6 | 15.00 | 100% | 33% | 17% |
| Fine Arts - Visual Fine Arts | 5 | 18.00 | 100% | 80% | 0% |
| Geography | 1 | 20.00 | 100% | 0% | 100% |
| History - American History | 4 | 20.00 | 100% | 75% | 25% |
| History - European History | 4 | 15.00 | 75% | 75% | 0% |
| History - Other History | 4 | 12.50 | 75% | 50% | 0% |
| History - World History | 6 | 18.33 | 100% | 67% | 17% |
| Literature - American Literature | 5 | 12.00 | 100% | 20% | 0% |
| Literature - British Literature | 4 | 10.00 | 75% | 25% | 0% |
| Literature - European Literature | 3 | 20.00 | 100% | 100% | 0% |
| Literature - World Literature | 7 | 17.14 | 100% | 57% | 14% |
| Mythology | 5 | 20.00 | 80% | 80% | 40% |
| Philosophy | 5 | 22.00 | 100% | 100% | 20% |
| Pop Culture | 3 | 13.33 | 100% | 33% | 0% |
| Religion | 2 | 15.00 | 100% | 50% | 0% |
| Science - Biology | 6 | 23.33 | 150% | 83% | 0% |
| Science - Chemistry | 5 | 10.00 | 60% | 20% | 20% |
| Science - Other Science | 5 | 18.00 | 100% | 80% | 0% |
| Science - Physics | 5 | 12.00 | 100% | 20% | 0% |
| Social Science | 5 | 18.00 | 100% | 60% | 20% |